00908 2200265 4500001002100000005001500021035002000036007000300056008004100059020001800100082001000118084001600128100002400144245018200168250001000350260004400360300002300404500010100427650001900528700001900547700002300566700002400589711001800613990001100631INLIS00000000000706820210309101052 a0010-0321000438ta210309 g 0 ind  a979-3727-23-3 a155.4 a155.4 REQ g0 aREQUENA, Kenneth W.1 aGood Kids, Bad Behavior :bStrategi Jitu Membangun Disiplin Anak /cKenneth W. Requena, Laurie Miller; alih bahasa, Bambang Pamungkas, Niken Setyaningrum; editor, Tim Presentasi acet.1 aJakarta :bAnak Prestasi Pustaka,c2005 a157 hal. ;c21 cm. aJudul asli : Good Kid, Bad Behavior: A Practical Ways to Deal with Children Undiscipline Manners 4aPSIKOLOGI ANAK0 aMILLER, Laurie0 aBAMBANG, Pamungkas0 aNIKEN, Setyaningrum0 aTIM, Prestasi a6214 a